Food, nutrition and agriculture: From famine to food security Alimentacion, nutricion y agricultura: Del hambre a la seguridad alimentaria,Alimentation, nutrition et agriculture: De la famine à la sécurité alimentaire

The book reflects the concerns of the food and nutrition, covering topics such as nutrition planning, assessment and evaluation; nutrition programmes; and food quality and safety

Saved in:
Bibliographic Details
Main Author: FAO
Format: Book
Language:Undetermined
Published: Rome, Italy FAO 1997
Subjects:
Tags: Add Tag
No Tags, Be the first to tag this record!
Institutions: Trung tâm Học liệu Trường Đại học Cần Thơ
LEADER 00865nam a2200205Ia 4500
001 CTU_29874
008 210402s9999 xx 000 0 und d
082 |a 640 
082 |b F686.1/1997 
100 |a FAO 
245 0 |a Food, nutrition and agriculture: From famine to food security 
245 0 |b Alimentacion, nutricion y agricultura: Del hambre a la seguridad alimentaria,Alimentation, nutrition et agriculture: De la famine à la sécurité alimentaire 
245 0 |c FAO 
260 |a Rome, Italy 
260 |b FAO 
260 |c 1997 
520 |a The book reflects the concerns of the food and nutrition, covering topics such as nutrition planning, assessment and evaluation; nutrition programmes; and food quality and safety 
650 |a food supply,hygiene, public 
904 |i Minh, 990429 
980 |a Trung tâm Học liệu Trường Đại học Cần Thơ